[Event "17. Int. Offene Wiener Schachmeisterschaft 2011 A-
[Site "Grosser Festsaal im Wiener Rathaus"]
[Date "2011.08.15"]
[Round "3"]
[Board "1"]
[White "Zuehlke, Burkhard"]
[Black "Ortmann, David"]
[Result "0-1"]
[WhiteElo "2049"]
[BlackElo "2322"]
[PlyCount "80"]
[EventDate "2011.08.13"]
[EventRounds "9"]
[EventCountry "AUT"]

1.d4 d5 2.c4 c6 3.Nf3 Nf6 4.e3 Bg4 5.h3 Bh5 6.Qb3 Qb6 7.Nc3 e6 8.c5 Qc7 9.g4 Bg6
10.Ne5 Nbd7 11.Nxg6 hxg6 12.g5 Nh5 13.Qd1 e5 14.Qg4 b6 15.cxb6 axb6 16.Bg2 Bd6
17.O-O e4 18.Bd2 O-O 19.Rac1 Qd8 20.f3 exf3 21.Rxf3 Qe7 22.a3 Kh7 23.e4 Bb8
24.exd5 cxd5 25.Nxd5 Qd6 26.Rfc3 Ra5 27.Nb4 Rf5 28.Rf3 Rxf3 29.Qxf3 Qxd4+ 30.Be3
Qxb2 31.Qf2 Qxa3 32.Nd5 Qd6 33.Bf3 Ne5 34.Be4 Nd3 35.Bxd3 Qxd5 36.Be2 Qe5
37.Bxh5 gxh5 38.Rc6 Re8 39.Bxb6 Qxg5+ 40.Kf1 Qb5+ 0-1

[Event "17. Int. Offene Wiener Schachmeisterschaft 2011 A-
[Site "Grosser Festsaal im Wiener Rathaus"]
[Date "2011.08.15"]
[Round "3"]
[Board "1"]
[White "Timoscenko, Gennadij"]
[Black "Gasik, Anna"]
[Result "1/2-1/2"]
[WhiteElo "2502"]
[BlackElo "2220"]
[PlyCount "96"]
[EventDate "2011.08.13"]
[EventRounds "9"]
[EventCountry "AUT"]

1.d4 d5 2.c4 c6 3.Nf3 Nf6 4.Nc3 e6 5.e3 Nbd7 6.Qc2 Bd6 7.g4 h6 8.h3 Qe7 9.Rg1 a6
10.Bd2 dxc4 11.Bxc4 b5 12.Be2 Bb7 13.h4 g6 14.g5 hxg5 15.hxg5 Nh5 16.Ne4 Bb4
17.Bxb4 Qxb4+ 18.Nfd2 e5 19.dxe5 Nxe5 20.Bxh5 gxh5 21.Nf6+ Ke7 22.O-O-O Rad8
23.a3 Qa4 24.Qc5+ Ke6 25.Nde4 Nd3+ 26.Rxd3 Rxd3 27.f4 Qc4+ 28.Qxc4+ bxc4 29.Nc5+
Kf5 30.Nxd3 cxd3 31.Kd2 h4 32.Ng4 c5 33.Nh6+ Kg6 34.f5+ Kg7 35.Rg4 h3 36.Rh4 Bg2
37.Kxd3 Rd8+ 38.Ke2 f6 39.Ng4 fxg5 40.Rh6 Rb8 41.Rg6+ Kf8 42.Rf6+ Kg7 43.Rg6+
Kf8 44.Kf2 Rxb2+ 45.Kg3 Bf1 46.Rf6+ Kg7 47.Rg6+ Kf8 48.Rf6+ Kg7 1/2-1/2

[Event "17. Int. Offene Wiener Schachmeisterschaft 2011 A-
[Site "Grosser Festsaal im Wiener Rathaus"]
[Date "2011.08.15"]
[Round "3"]
[Board "1"]
[White "Riff, Jean-Noel"]
[Black "Menezes, Christoph"]
[Result "1-0"]
[WhiteElo "2493"]
[BlackElo "2200"]
[PlyCount "81"]
[EventDate "2011.08.13"]
[EventRounds "9"]
[EventCountry "AUT"]

1.e4 c5 2.Nc3 Nc6 3.Nf3 g6 4.Bb5 Nd4 5.Ba4 Bg7 6.O-O a6 7.Nxd4 cxd4 8.Ne2 e6
9.c3 d3 10.Nf4 b5 11.Bb3 Bb7 12.Re1 Qb6 13.Nxd3 Nf6 14.e5 Ne4 15.Qe2 f6 16.Qe3
Qxe3 17.Rxe3 fxe5 18.f3 Nf6 19.Nxe5 d6 20.Nd3 e5 21.Re1 O-O-O 22.a4 Rhe8 23.axb5
axb5 24.Nf2 d5 25.d3 e4 26.fxe4 dxe4 27.Bf4 Nh5 28.Bg5 Bf6 29.Bxf6 Nxf6 30.d4
Re7 31.Nd3 Nd7 32.Nb4 e3 33.Re2 Nf6 34.Rf1 Ng4 35.Rfe1 Rde8 36.Bd5 Nf6 37.Bxb7+
Kxb7 38.Rf1 Re6 39.Rf3 R8e7 40.h3 h5 41.Rg3 1-0

[Event "17. Int. Offene Wiener Schachmeisterschaft 2011 A-
[Site "Grosser Festsaal im Wiener Rathaus"]
[Date "2011.08.15"]
[Round "3"]
[Board "1"]
[White "Trkulja, Zoran"]
[Black "Renner, Christoph"]
[Result "0-1"]
[WhiteElo "2208"]
[BlackElo "2434"]
[PlyCount "46"]
[EventDate "2011.08.13"]
[EventRounds "9"]
[EventCountry "AUT"]

1.d4 f5 2.c4 Nf6 3.g3 g6 4.Bg2 Bg7 5.Nh3 O-O 6.Nc3 d6 7.d5 c6 8.Nf4 e5 9.dxe6
Na6 10.Rb1 Qe7 11.b4 Nh5 12.Qc2 Nxf4 13.Bxf4 Bxe6 14.Nd1 g5 15.Bd2 f4 16.gxf4
Bf5 17.e4 gxf4 18.Bxf4 Bxe4 19.Qxe4 Qxe4+ 20.Bxe4 Rxf4 21.f3 Nc7 22.Ne3 Re8
23.Kf1 Rexe4 0-1

[Event "17. Int. Offene Wiener Schachmeisterschaft 2011 A-
[Site "Grosser Festsaal im Wiener Rathaus"]
[Date "2011.08.15"]
[Round "3"]
[Board "1"]
[White "Schwab, Rene"]
[Black "Barle, Janez"]
[Result "0-1"]
[WhiteElo "2196"]
[BlackElo "2410"]
[PlyCount "90"]
[EventDate "2011.08.13"]
[EventRounds "9"]
[EventCountry "AUT"]

1.e4 Nc6 2.Nf3 e5 3.Bc4 Be7 4.a3 d6 5.h3 Nf6 6.Qe2 O-O 7.Nc3 Be6 8.Nd5 Bxd5
9.exd5 Nb8 10.b4 a5 11.Rb1 axb4 12.axb4 Nbd7 13.Bb3 Re8 14.O-O Bf8 15.Bb2 e4
16.Nh2 c6 17.dxc6 bxc6 18.Qc4 d5 19.Qxc6 Re6 20.Qc3 Rc8 21.Qd4 Ne5 22.c3 Bd6
23.Qe3 Bc7 24.Qe2 Qd6 25.g3 Nd3 26.Ng4 Nxg4 27.Qxg4 Ne5 28.Qe2 Rg6 29.Kg2 Nf3
30.Rh1 Qf4 31.Bxd5 Nxd2 32.g4 Nxb1 33.Qxe4 Qxe4+ 34.Bxe4 Nd2 35.Bxg6 hxg6 36.Bc1
Nc4 37.Bg5 f6 38.Be3 Nxe3+ 39.fxe3 Be5 40.Rb1 Rxc3 41.Kf2 Rc2+ 42.Kf3 Rb2 43.Rd1
Rxb4 44.h4 Rb2 45.Rh1 Rh2 0-1

[Event "17. Int. Offene Wiener Schachmeisterschaft 2011 A-
[Site "Grosser Festsaal im Wiener Rathaus"]
[Date "2011.08.15"]
[Round "3"]
[Board "1"]
[White "Danner, Georg"]
[Black "Steiner, Bruno"]
[Result "1-0"]
[WhiteElo "2401"]
[BlackElo "2207"]
[PlyCount "173"]
[EventDate "2011.08.13"]
[EventRounds "9"]
[EventCountry "AUT"]

1.d4 Nf6 2.Nf3 e6 3.g3 b6 4.Bg2 Bb7 5.O-O Be7 6.c4 d5 7.cxd5 exd5 8.Nc3 O-O
9.Ne5 c6 10.Qa4 b5 11.Qc2 Nbd7 12.Nd3 Qb6 13.e3 Rac8 14.Bd2 c5 15.dxc5 Nxc5
16.Nxc5 Bxc5 17.Qb3 a6 18.Rfd1 d4 19.Na4 Qa7 20.Nxc5 Bxg2 21.Kxg2 Qxc5 22.Rac1
Qf5 23.exd4 Ne4 24.Be3 h5 25.h4 Nf6 26.Rc5 Qd7 27.Rxc8 Rxc8 28.d5 Ng4 29.Bf4 Rc4
30.Qf3 Rc2 31.Rd2 Rxd2 32.Bxd2 Nf6 33.Bg5 Nxd5 34.Qxh5 Nb4 35.a3 Nc2 36.Qe2 Qd5+
37.f3 Qb3 38.Qe8+ Kh7 39.Qe4+ Kg8 40.Qe8+ Kh7 41.Qe4+ Kg8 42.Bc1 Qd3 43.Kf2 Qd1
44.Bf4 Nd4 45.g4 Ne6 46.Be5 Qh1 47.g5 Qd1 48.Bc3 Qh1 49.Ke2 Qg2+ 50.Kd1 Qf1+
51.Kc2 Nc5 52.Qe8+ Kh7 53.Qe3 Qc4 54.h5 a5 55.Qd4 Qb3+ 56.Kc1 Ne6 57.Qe4+ Kg8
58.g6 fxg6 59.hxg6 Kf8 60.Qa8+ Ke7 61.Qa7+ Kd6 62.Qxa5 Qd5 63.Qb6+ Kd7 64.Qa7+
Kc8 65.Qe3 Qf5 66.Qe4 Qxe4 67.fxe4 Nf4 68.Bxg7 Nxg6 69.Kc2 Kd7 70.Kc3 Kc6 71.Kd4
Nf4 72.Bh6 Ne6+ 73.Ke5 Nc5 74.Bg7 b4 75.axb4 Nd3+ 76.Ke6 Nxb4 77.Bc3 Nd3 78.Bd4
Nb4 79.Bg7 Nd3 80.Kf5 Kc5 81.Bf8+ Kc6 82.b4 Nb2 83.e5 Nc4 84.Bc5 Na3 85.e6 Nb5
86.Kf6 Nc7 87.Kf7 1-0

[Event "17. Int. Offene Wiener Schachmeisterschaft 2011 A-
[Site "Grosser Festsaal im Wiener Rathaus"]
[Date "2011.08.16"]
[Round "4"]
[Board "1"]
[White "Khenkin, Igor"]
[Black "Rau, Hannes"]
[Result "1/2-1/2"]
[WhiteElo "2620"]
[BlackElo "2448"]
[PlyCount "52"]
[EventDate "2011.08.13"]
[EventRounds "9"]
[EventCountry "AUT"]

1.d4 d5 2.c4 e6 3.Nc3 Be7 4.cxd5 exd5 5.Bf4 c6 6.Qc2 g6 7.e3 Bf5 8.Qd2 Nf6 9.f3
Bd6 10.g4 Be6 11.Nge2 Qe7 12.O-O-O Nbd7 13.Bxd6 Qxd6 14.e4 dxe4 15.fxe4 Nxg4
16.d5 cxd5 17.exd5 Bf5 18.Nd4 O-O-O 19.Nxf5 gxf5 20.Bd3 Rhe8 21.Rde1 f4 22.Bxh7
Kb8 23.Bf5 Ne3 24.Bxd7 Rxd7 25.Re2 Rc8 26.Kb1 a6 1/2-1/2

[Event "17. Int. Offene Wiener Schachmeisterschaft 2011 A-
[Site "Grosser Festsaal im Wiener Rathaus"]
[Date "2011.08.16"]
[Round "4"]
[Board "1"]
[White "Buhmann, Rainer"]
[Black "Poetz, Florian"]
[Result "1-0"]
[WhiteElo "2582"]
[BlackElo "2416"]
[PlyCount "71"]
[EventDate "2011.08.13"]
[EventRounds "9"]
[EventCountry "AUT"]

1.Nf3 d5 2.d4 Nf6 3.c4 c6 4.Nc3 dxc4 5.a4 Bf5 6.Ne5 Nbd7 7.Nxc4 Qc7 8.Bg5 Ne4
9.Nxe4 Bxe4 10.f3 Bg6 11.e4 e5 12.Be2 exd4 13.Qxd4 f6 14.Bh4 Bb4+ 15.Kf1 O-O
16.Bg3 Qd8 17.Rd1 Nb6 18.Nd6 Bxd6 19.Bxd6 Re8 20.Kf2 Bf7 21.a5 Nd7 22.Qc3 Qc8
23.Bc4 Ne5 24.Bxe5 Rxe5 25.Bxf7+ Kxf7 26.Rd6 Qc7 27.Rhd1 Re7 28.h4 Kg8 29.b4 a6
30.R1d4 h6 31.g3 Rf8 32.Qd3 Qc8 33.Rd7 Re5 34.f4 Rb5 35.e5 Qe8 36.exf6 1-0

[Event "17. Int. Offene Wiener Schachmeisterschaft 2011 A-
[Site "Grosser Festsaal im Wiener Rathaus"]
[Date "2011.08.16"]
[Round "4"]
[Board "1"]
[White "Lekic, Dusan"]
[Black "Degraeve, Jean-Marc"]
[Result "1/2-1/2"]
[WhiteElo "2378"]
[BlackElo "2574"]
[PlyCount "86"]
[EventDate "2011.08.13"]
[EventRounds "9"]
[EventCountry "AUT"]

1.d4 d6 2.Nf3 g6 3.c4 Bg7 4.e4 c5 5.d5 e6 6.Bd3 exd5 7.exd5 Qe7+ 8.Be2 Bg4 9.O-O
Nh6 10.Bg5 f6 11.Bxh6 Bxh6 12.Re1 O-O 13.Nd4 Re8 14.Na3 Bd7 15.Ne6 Na6 16.Bf3 f5
17.Re2 Qf7 18.Qb3 Rab8 19.Rae1 Re7 20.Nb5 Bxb5 21.cxb5 Nc7 22.b6 axb6 23.Qxb6
Ne8 24.Nd8 Rxe2 25.Rxe2 Qf8 26.Nc6 Ra8 27.Qxb7 Rxa2 28.g3 Bg5 29.Re6 Ng7 30.Qd7
Rxb2 31.Rxd6 Rb7 32.Qxb7 Qxd6 33.Na5 Qe7 34.Qc8+ Qf8 35.Qc6 Be7 36.Nc4 Ne8
37.Kg2 Nd6 38.Qxc5 Nxc4 39.Qxc4 Bd6 40.Bd1 Qe7 41.Ba4 Kg7 42.Bb5 Qe4+ 43.Qxe4
fxe4 1/2-1/2

[Event "17. Int. Offene Wiener Schachmeisterschaft 2011 A-
[Site "Grosser Festsaal im Wiener Rathaus"]
[Date "2011.08.16"]
[Round "4"]
[Board "1"]
[White "Buljubasic, Sabahudin"]
[Black "Polak, Tomas"]
[Result "1/2-1/2"]
[WhiteElo "2333"]
[BlackElo "2540"]
[PlyCount "98"]
[EventDate "2011.08.13"]
[EventRounds "9"]
[EventCountry "AUT"]

1.e4 c6 2.d4 d5 3.exd5 cxd5 4.c4 Nf6 5.Nc3 e6 6.Nf3 Bb4 7.cxd5 Nxd5 8.Bd2 Nc6
9.Bd3 O-O 10.O-O Be7 11.Re1 Bf6 12.Nxd5 Qxd5 13.Be4 Qh5 14.Bc3 Rd8 15.Ne5 Qxd1
16.Raxd1 Ne7 17.Ba5 Re8 18.Nc4 Nc6 19.Bc3 Be7 20.a3 Bd7 21.Ne5 Rad8 22.Bf3 Nxe5
23.dxe5 b6 24.Rxd7 Rxd7 25.Bc6 Red8 26.Bxd7 Rxd7 27.Kf1 h5 28.Ke2 Kh7 29.Kf3 Bc5
30.h3 Kg6 31.g3 Kf5 32.g4+ Kg5 33.h4+ Kg6 34.Re4 Be7 35.Kg3 Rc7 36.a4 Bc5 37.f3
Rd7 38.Rf4 Be3 39.Rc4 a5 40.Rc8 Rd1 41.Rc4 Rg1+ 42.Kh2 Rc1 43.Re4 Bc5 44.Kh3 Rd1
45.Rf4 Rd7 46.Rc4 Rd3 47.Kg3 Rd5 48.Kh3 Rd3 49.Rf4 f5 1/2-1/2

[Event "17. Int. Offene Wiener Schachmeisterschaft 2011 A-
[Site "Grosser Festsaal im Wiener Rathaus"]
[Date "2011.08.16"]
[Round "4"]
[Board "1"]
[White "Froewis, Georg"]
[Black "Hera, Imre"]
[Result "1/2-1/2"]
[WhiteElo "2329"]
[BlackElo "2536"]
[PlyCount "80"]
[EventDate "2011.08.13"]
[EventRounds "9"]
[EventCountry "AUT"]

1.c4 Nf6 2.Nc3 c5 3.g3 e6 4.Nf3 b6 5.Bg2 Bb7 6.O-O Be7 7.b3 O-O 8.Bb2 a6 9.d4
cxd4 10.Nxd4 Bxg2 11.Kxg2 Qc7 12.e3 Nc6 13.Nxc6 dxc6 14.Qf3 Nd7 15.Rad1 Rad8
16.Qe2 Nc5 17.Ba3 b5 18.Rxd8 Rxd8 19.Rd1 Rxd1 20.Qxd1 h6 21.Bxc5 Bxc5 22.Ne4 Be7
23.a4 bxa4 24.bxa4 Bb4 25.Qc2 Qe5 26.g4 f5 27.Ng3 g6 28.Qd3 Bd6 29.gxf5 exf5
30.c5 Qxc5 31.Qxa6 Qd5+ 32.Kg1 Qd1+ 33.Kg2 Qd5+ 34.Kg1 h5 35.Qc8+ Kg7 36.Qd7+
Kh6 37.Qd8 Qd1+ 38.Kg2 Qd5+ 39.Kg1 Qd1+ 40.Kg2 Qd5+ 1/2-1/2

[Event "17. Int. Offene Wiener Schachmeisterschaft 2011 A-
[Site "Grosser Festsaal im Wiener Rathaus"]
[Date "2011.08.16"]
[Round "4"]
[Board "1"]
[White "Ulibin, Mikhail"]
[Black "Schneider-Zinner, Harald"]
[Result "1-0"]
[WhiteElo "2538"]
[BlackElo "2346"]
[PlyCount "41"]
[EventDate "2011.08.13"]
[EventRounds "9"]
[EventCountry "AUT"]

1.d4 d5 2.c4 e6 3.Nf3 c5 4.cxd5 exd5 5.g3 Nc6 6.Bg2 Nf6 7.O-O Be7 8.Nc3 O-O
9.Bf4 Be6 10.Rc1 c4 11.Ne5 Rc8 12.Nxc4 dxc4 13.d5 Nxd5 14.Bxd5 Bxd5 15.Qxd5 Qb6
16.Qxc4 Qxb2 17.Nd5 Ba3 18.Rc3 Kh8 19.Bc1 Ne7 20.Bxb2 Bxb2 21.Nxe7 1-0

[Event "17. Int. Offene Wiener Schachmeisterschaft 2011 A-
[Site "Grosser Festsaal im Wiener Rathaus"]
[Date "2011.08.16"]
[Round "4"]
[Board "1"]
[White "Wallner, Joachim"]
[Black "Petrov, Marijan"]
[Result "0-1"]
[WhiteElo "2328"]
[BlackElo "2534"]
[PlyCount "34"]
[EventDate "2011.08.13"]
[EventRounds "9"]
[EventCountry "AUT"]

1.e4 c5 2.Nf3 Nc6 3.d4 cxd4 4.Nxd4 Qb6 5.Nb3 Nf6 6.Nc3 e6 7.Bd3 a6 8.Be3 Qc7
9.f4 d6 10.Qf3 b5 11.g4 Nd7 12.O-O-O Nb6 13.g5 Na4 14.Ne2 Nb4 15.Kb1 Bb7 16.Qh3
Nc5 17.Bd2 Ncxd3 0-1

[Event "17. Int. Offene Wiener Schachmeisterschaft 2011 A-
[Site "Grosser Festsaal im Wiener Rathaus"]
[Date "2011.08.16"]
[Round "4"]
[Board "1"]
[White "Stanec, Nikolaus"]
[Black "Georgiadis, Nico"]
[Result "1-0"]
[WhiteElo "2536"]
[BlackElo "2328"]
[PlyCount "89"]
[EventDate "2011.08.13"]
[EventRounds "9"]
[EventCountry "AUT"]

1.d4 Nf6 2.Nf3 g6 3.c4 c5 4.Nc3 cxd4 5.Nxd4 Nc6 6.e4 d6 7.Be2 Nxd4 8.Qxd4 Bg7
9.Be3 O-O 10.Qd2 Be6 11.Rc1 Qa5 12.f3 Rfc8 13.b3 a6 14.Na4 Qxd2+ 15.Kxd2 Nd7
16.Rhd1 Rc6 17.Nc3 Kf8 18.Nd5 Bxd5 19.cxd5 Rcc8 20.Rxc8+ Rxc8 21.Rc1 Rxc1
22.Kxc1 e6 23.dxe6 fxe6 24.Kc2 Ke7 25.a3 d5 26.exd5 exd5 27.f4 Kd6 28.g4 Nc5
29.b4 Ne4 30.Bf3 Ke6 31.a4 Nd6 32.Bc1 b6 33.Be2 Nc4 34.Bd3 Bd4 35.f5+ Kf7 36.h3
gxf5 37.Bxf5 h5 38.Kd3 Bb2 39.Bg5 hxg4 40.hxg4 Bf6 41.Bxf6 Kxf6 42.Kd4 Nb2
43.Bc2 b5 44.a5 Nc4 45.Bf5 1-0

[Event "17. Int. Offene Wiener Schachmeisterschaft 2011 A-
[Site "Grosser Festsaal im Wiener Rathaus"]
[Date "2011.08.16"]
[Round "4"]
[Board "1"]
[White "Goumas, Georgios"]
[Black "Shengelia, David"]
[Result "0-1"]
[WhiteElo "2323"]
[BlackElo "2513"]
[PlyCount "72"]
[EventDate "2011.08.13"]
[EventRounds "9"]
[EventCountry "AUT"]

1.e4 c5 2.Nf3 d6 3.d4 cxd4 4.Nxd4 Nf6 5.Nc3 Nc6 6.Bg5 e6 7.Qd2 Be7 8.O-O-O a6
9.f3 Nxd4 10.Qxd4 O-O 11.h4 b5 12.g4 Bb7 13.Be3 Nd7 14.g5 Rc8 15.Kb1 Ne5 16.f4
Nc4 17.Bxc4 Rxc4 18.Qd3 Qc7 19.Bd4 Rc8 20.g6 b4 21.gxh7+ Kxh7 22.Rhg1 Bf8 23.e5+
Kg8 24.exd6 Qxd6 25.Be5 Qe7 26.Qg3 f6 27.Bd6 Qf7 28.Bxf8 Kxf8 29.Ne2 Be4 30.Nd4
Bxc2+ 31.Nxc2 Rxc2 32.Qb3 a5 33.a3 R2c4 34.Rge1 Rxf4 35.axb4 Rxb4 36.Qxe6 Qg6+ 0-1

[Event "17. Int. Offene Wiener Schachmeisterschaft 2011 A-
[Site "Grosser Festsaal im Wiener Rathaus"]
[Date "2011.08.16"]
[Round "4"]
[Board "1"]
[White "Krivoborodov, Egor"]
[Black "Feher, Adam"]
[Result "1-0"]
[WhiteElo "2507"]
[BlackElo "2323"]
[PlyCount "101"]
[EventDate "2011.08.13"]
[EventRounds "9"]
[EventCountry "AUT"]

1.e4 c5 2.Nf3 d6 3.d4 cxd4 4.Nxd4 Nf6 5.Nc3 a6 6.Bg5 e6 7.f4 Qb6 8.Qd2 Qxb2
9.Rb1 Qa3 10.e5 dxe5 11.fxe5 h6 12.Bh4 Nfd7 13.Ne4 Qxa2 14.Rd1 Qd5 15.Qe3 Qxe5
16.Be2 Bc5 17.Bg3 Bxd4 18.Rxd4 Qa5+ 19.Rd2 O-O 20.Bd6 f5 21.Bxf8 Nxf8 22.Nd6
Nbd7 23.Bc4 Qa1+ 24.Kf2 Qe5 25.Re1 Qxe3+ 26.Rxe3 Nf6 27.Kg1 Kh7 28.Nxc8 Rxc8
29.Bxe6 Nxe6 30.Rxe6 Ne4 31.Rd5 Rxc2 32.Rxf5 Nf6 33.Re7 Kg6 34.Rf3 b5 35.Rg3+
Kf5 36.h3 b4 37.Rf3+ Kg6 38.Rb7 a5 39.Rb5 Ne4 40.Rb6+ Nf6 41.Rg3+ Kf7 42.Rb7+
Ke6 43.Rgxg7 Nd5 44.Rg6+ Kf5 45.Rxh6 Nf4 46.Rh4 b3 47.Rf7+ Ke5 48.Rhxf4 b2
49.R7f5+ Ke6 50.Rb5 a4 51.Rxa4 1-0

[Event "17. Int. Offene Wiener Schachmeisterschaft 2011 A-
[Site "Grosser Festsaal im Wiener Rathaus"]
[Date "2011.08.16"]
[Round "4"]
[Board "1"]
[White "Farago, Ivan"]
[Black "Ortmann, David"]
[Result "1/2-1/2"]
[WhiteElo "2485"]
[BlackElo "2322"]
[PlyCount "63"]
[EventDate "2011.08.13"]
[EventRounds "9"]
[EventCountry "AUT"]

1.d4 d5 2.c4 c6 3.Nc3 dxc4 4.e3 b5 5.a4 b4 6.Ne4 Qd5 7.Nd2 Ba6 8.Qc2 c3 9.bxc3
Bxf1 10.Kxf1 bxc3 11.Qxc3 Nf6 12.Ba3 Nbd7 13.Ngf3 e6 14.Bxf8 Rxf8 15.Ke2 Ke7
16.Qa3+ Qd6 17.Rhc1 Rfc8 18.Qxd6+ Kxd6 19.Ra2 Rc7 20.Rac2 Rac8 21.Nc4+ Ke7
22.Na5 c5 23.Ne1 Nd5 24.e4 N5b6 25.dxc5 Nxc5 26.Nd3 Nbxa4 27.Rc4 f6 28.Nb3 Kd6
29.Rd4+ Ke7 30.Rdc4 Kd6 31.Rd4+ Ke7 32.Rdc4 1/2-1/2

[Event "17. Int. Offene Wiener Schachmeisterschaft 2011 A-
[Site "Grosser Festsaal im Wiener Rathaus"]
[Date "2011.08.16"]
[Round "4"]
[Board "1"]
[White "Duport, Nicolas"]
[Black "Fauland, Alexander"]
[Result "0-1"]
[WhiteElo "2169"]
[BlackElo "2477"]
[PlyCount "80"]
[EventDate "2011.08.13"]
[EventRounds "9"]
[EventCountry "AUT"]

1.e4 c6 2.d4 d5 3.Nc3 dxe4 4.Nxe4 Bf5 5.Ng3 Bg6 6.Nh3 e6 7.Nf4 Qh4 8.Bc4 Bd6
9.Qf3 Nf6 10.O-O Bxc2 11.Nxe6 fxe6 12.Qe2 Be4 13.f4 Ng4 14.h3 Qxg3 15.hxg4 Bxg2
16.Qxg2 Qxg2+ 17.Kxg2 Kd7 18.Bd2 Na6 19.f5 exf5 20.Rxf5 Raf8 21.Raf1 Rxf5
22.Rxf5 Rf8 23.Bd3 g6 24.Ra5 Bc7 25.Ra4 Bb6 26.Bxa6 bxa6 27.Rxa6 Bxd4 28.Bc3 Bb6
29.a4 Kc7 30.b4 Kb7 31.b5 Rf4 32.Kg3 Rc4 33.Be1 h5 34.gxh5 gxh5 35.Kh3 Re4
36.Bg3 Re3 37.Kh4 cxb5 38.axb5 Bd8+ 39.Kxh5 Rxg3 40.Rd6 Bc7 0-1

[Event "17. Int. Offene Wiener Schachmeisterschaft 2011 A-
[Site "Grosser Festsaal im Wiener Rathaus"]
[Date "2011.08.16"]
[Round "4"]
[Board "1"]
[White "Hertneck, Gerald"]
[Black "Ruecker, Benjamin"]
[Result "1-0"]
[WhiteElo "2551"]
[BlackElo "2276"]
[PlyCount "63"]
[EventDate "2011.08.13"]
[EventRounds "9"]
[EventCountry "AUT"]

1.d4 Nf6 2.c4 g6 3.Nc3 d5 4.cxd5 Nxd5 5.e4 Nxc3 6.bxc3 Bg7 7.Nf3 c5 8.Be3 Qa5
9.Nd2 cxd4 10.Nc4 Qd8 11.cxd4 O-O 12.Rb1 f5 13.exf5 gxf5 14.Bd3 Nc6 15.O-O Nxd4
16.f4 Nc6 17.Rf3 Qc7 18.Rh3 Be6 19.Qh5 h6 20.Re1 Rad8 21.Bf1 Qd7 22.Rg3 Kh8
23.Qg6 Rf7 24.Ne5 Nxe5 25.fxe5 f4 26.Bxf4 Qd4+ 27.Be3 Qxe5 28.Bxh6 Qd4+ 29.Kh1
Bxa2 30.Bd3 Kg8 31.Qh7+ Kf8 32.Qh8# 1-0

[Event "17. Int. Offene Wiener Schachmeisterschaft 2011 A-
[Site "Grosser Festsaal im Wiener Rathaus"]
[Date "2011.08.16"]
[Round "4"]
[Board "1"]
[White "Gozzoli, Yannick"]
[Black "Bannink, Bernard"]
[Result "1/2-1/2"]
[WhiteElo "2532"]
[BlackElo "2269"]
[PlyCount "46"]
[EventDate "2011.08.13"]
[EventRounds "9"]
[EventCountry "AUT"]

1.d4 d5 2.c4 c6 3.Nc3 Nf6 4.Nf3 dxc4 5.a4 Bf5 6.Ne5 Nbd7 7.Nxc4 Nb6 8.Ne5 a5
9.Bg5 h6 10.Bh4 Nbd5 11.Qb3 Qb6 12.Qxb6 Nxb6 13.f3 Nfd7 14.e4 Nxe5 15.dxe5 Bg6
16.O-O-O Nd7 17.Kb1 Nxe5 18.f4 Nd7 19.f5 Bh5 20.Rd2 e5 21.h3 f6 22.Bf2 Bf7
23.Be2 Bb4 1/2-1/2

[Event "17. Int. Offene Wiener Schachmeisterschaft 2011 A-
[Site "Grosser Festsaal im Wiener Rathaus"]
[Date "2011.08.16"]
[Round "4"]
[Board "1"]
[White "Rombaldoni, Denis"]
[Black "Kaufeld, Juergen"]
[Result "1-0"]
[WhiteElo "2495"]
[BlackElo "2260"]
[PlyCount "83"]
[EventDate "2011.08.13"]
[EventRounds "9"]
[EventCountry "AUT"]

1.Nf3 Nf6 2.g3 g6 3.Bg2 Bg7 4.O-O O-O 5.d4 d5 6.c4 dxc4 7.Na3 Nc6 8.Nxc4 Be6
9.b3 Bd5 10.Bb2 a5 11.Ne3 Be4 12.a3 Bh6 13.Nc4 Bd5 14.Nce5 Qc8 15.Nd2 Bxg2
16.Kxg2 Qe6 17.Nxc6 bxc6 18.e3 Ne4 19.Nxe4 Qxe4+ 20.Kg1 Rfb8 21.Rb1 Rb5 22.a4
Rd5 23.Qc1 Rh5 24.Qc3 Bg7 25.f3 Qe6 26.Ba3 Rd8 27.Rbd1 Rdd5 28.e4 Rd8 29.Bc5 Rb8
30.Rd3 h6 31.Rb1 Qh3 32.Rb2 e5 33.d5 cxd5 34.Rxd5 f5 35.exf5 gxf5 36.Rd7 Rg5
37.Rbd2 Qh5 38.Be7 Rg6 39.Qc4+ Kh7 40.Rd8 Rxd8 41.Rxd8 Qxf3 42.Qg8# 1-0

[Event "17. Int. Offene Wiener Schachmeisterschaft 2011 A-
[Site "Grosser Festsaal im Wiener Rathaus"]
[Date "2011.08.16"]
[Round "4"]
[Board "1"]
[White "Krallmann, Matthias"]
[Black "Riff, Jean-Noel"]
[Result "0-1"]
[WhiteElo "2259"]
[BlackElo "2493"]
[PlyCount "130"]
[EventDate "2011.08.13"]
[EventRounds "9"]
[EventCountry "AUT"]

1.d4 e6 2.c4 Bb4+ 3.Bd2 a5 4.g3 d6 5.Nf3 Nc6 6.Bg2 e5 7.d5 Nce7 8.Bxb4 axb4
9.O-O Nf6 10.Qd2 c5 11.dxc6 Nxc6 12.Rd1 Be6 13.b3 O-O 14.Qb2 Qb6 15.a3 h6
16.axb4 Qxb4 17.Rxa8 Rxa8 18.Qc3 Qb6 19.e3 Ra2 20.Ne1 Bf5 21.Nd2 Kf8 22.h3 Ke7
23.g4 Bg6 24.Kh1 h5 25.g5 Nd7 26.Ra1 Rxa1 27.Qxa1 Nc5 28.Qc3 Qb4 29.Qxb4 Nxb4
30.Kg1 b6 31.Kf1 Bf5 32.Ke2 h4 33.Nef3 Bd3+ 34.Kd1 Bc2+ 35.Ke2 Nxb3 36.Nxb3 Bxb3
37.Kd2 Na2 38.Bf1 Ke6 39.Nxh4 d5 40.cxd5+ Bxd5 41.f4 Nb4 42.Kc3 Nc6 43.Bc4 exf4
44.exf4 Ne7 45.Bd3 g6 46.Kd4 Kd6 47.f5 gxf5 48.Bxf5 b5 49.g6 fxg6 50.Bxg6 Nc6+
51.Kc3 b4+ 52.Kb2 Kc5 53.Nf5 Ne5 54.Bh7 Nc4+ 55.Kc2 Be4+ 56.Kb3 Na5+ 57.Kb2 Nc4+
58.Kb3 Ne5 59.h4 Nd7 60.h5 Nf8 61.Bg8 Bxf5 62.h6 Bh7 63.Bf7 Nd7 64.Bc4 Nf6
65.Be6 Ng8 0-1

[Event "17. Int. Offene Wiener Schachmeisterschaft 2011 A-
[Site "Grosser Festsaal im Wiener Rathaus"]
[Date "2011.08.16"]
[Round "4"]
[Board "1"]
[White "Renner, Christoph"]
[Black "Ortiz, Nadya"]
[Result "1-0"]
[WhiteElo "2434"]
[BlackElo "2242"]
[PlyCount "77"]
[EventDate "2011.08.13"]
[EventRounds "9"]
[EventCountry "AUT"]

1.e4 c5 2.d3 Nc6 3.g3 g6 4.Bg2 Bg7 5.Nc3 d6 6.Be3 Rb8 7.Qd2 b5 8.Nf3 b4 9.Nd1 h6
10.O-O e5 11.a3 a5 12.axb4 axb4 13.c3 Nf6 14.h3 Be6 15.Qc1 Na5 16.Nd2 O-O 17.Kh2
Nd7 18.f4 f5 19.exf5 gxf5 20.Qc2 b3 21.Qc1 c4 22.dxc4 e4 23.Bd4 Nxc4 24.Bxg7
Kxg7 25.Nxc4 Bxc4 26.Rg1 Nc5 27.Ne3 d5 28.Qd2 Nd3 29.Bf1 Rb7 30.Bxd3 Bxd3 31.g4
fxg4 32.Rxg4+ Kh7 33.Rag1 Qd6 34.Qg2 Rff7 35.Kh1 Qd7 36.Qg3 Be2 37.Rg6 Rg7
38.Nf5 Bf3+ 39.Kh2 1-0

[Event "17. Int. Offene Wiener Schachmeisterschaft 2011 A-
[Site "Grosser Festsaal im Wiener Rathaus"]
[Date "2011.08.16"]
[Round "4"]
[Board "1"]
[White "Caruso, Augusto"]
[Black "Diermair, Andreas"]
[Result "0-1"]
[WhiteElo "2247"]
[BlackElo "2432"]
[PlyCount "100"]
[EventDate "2011.08.13"]
[EventRounds "9"]
[EventCountry "AUT"]

1.e4 e5 2.Nf3 Nc6 3.Bc4 Bc5 4.O-O Nf6 5.d4 exd4 6.e5 d5 7.exf6 dxc4 8.Re1+ Be6
9.fxg7 Rg8 10.Bg5 Be7 11.Bxe7 Qxe7 12.Nxd4 Rd8 13.c3 Nxd4 14.cxd4 c6 15.Nc3 Rxg7
16.Ne4 Kf8 17.Nc5 Rg6 18.g3 b6 19.Nxe6+ Rxe6 20.Rxe6 Qxe6 21.Qh5 h6 22.Rd1 Rd5
23.Qf3 Qd6 24.Qe4 c5 25.Rc1 Rxd4 26.Qa8+ Qd8 27.Qxa7 Rd2 28.Qb7 Qd4 29.Qf3 Rxb2
30.Rd1 Rd2 31.Rxd2 Qxd2 32.Qf6 Qd1+ 33.Kg2 Qd5+ 34.Kg1 Qe6 35.Qh8+ Ke7 36.a4
Qe1+ 37.Kg2 c3 38.Qc8 Qe4+ 39.Kg1 c2 40.Qc7+ Kf8 41.Qd6+ Kg8 42.Qd2 Qc4 43.Qc1
Qd3 44.Kg2 Qd1 45.Qe3 c1=Q 46.Qe8+ Kg7 47.Qe5+ Kf8 48.Qb8+ Ke7 49.Qe5+ Kd7
50.Qf5+ Kc7 0-1

[Event "17. Int. Offene Wiener Schachmeisterschaft 2011 A-
[Site "Grosser Festsaal im Wiener Rathaus"]
[Date "2011.08.16"]
[Round "4"]
[Board "1"]
[White "Barle, Janez"]
[Black "Stone, Andrew"]
[Result "1/2-1/2"]
[WhiteElo "2410"]
[BlackElo "2231"]
[PlyCount "91"]
[EventDate "2011.08.13"]
[EventRounds "9"]
[EventCountry "AUT"]

1.e4 e6 2.Nf3 d5 3.Nc3 Nf6 4.e5 Nfd7 5.d4 c5 6.dxc5 Nc6 7.Bf4 Nxc5 8.Bd3 Be7
9.O-O O-O 10.Qd2 b6 11.a3 a5 12.Rfe1 Nxd3 13.cxd3 Ba6 14.Rac1 Rc8 15.Rc2 Nb8
16.d4 Bc4 17.Bg5 Bxg5 18.Nxg5 Nc6 19.f4 b5 20.Rcc1 Qb6 21.Nf3 Rc7 22.Nd1 Rfc8
23.Ne3 Ne7 24.g3 h6 25.g4 f5 26.exf6 gxf6 27.f5 exf5 28.gxf5 Kf7 29.Nxc4 dxc4
30.Re6 Rc6 31.Qxh6 Rg8+ 32.Kf2 Rxe6 33.fxe6+ Qxe6 34.Qh5+ Kf8 35.Qxb5 Qh3 36.Rf1
Rg2+ 37.Ke1 Qh6 38.Qxc4 Qe3+ 39.Kd1 Rxb2 40.h4 Nd5 41.Qc8+ Ke7 42.Re1 Rb1+
43.Kc2 Rxe1 44.Qc5+ Ke6 45.Qc6+ Ke7 46.Qc5+ 1/2-1/2